[Event "87th DEN-ch"]
[Site "Silkeborg DEN"]
[Date "2008.03.22"]
[Round "8"]
[White "Schandorff, Lars"]
[Black "Rasmussen, Allan Stig"]
[WhiteElo "2526"]
[BlackElo "2510"]
[Result "1-0"]
[EventDate "2008.03.15"]
[PlyCount "159"]
[Source "ChessBase"]
[SourceDate "2008.05.06"]

1. d4 d5 2. c4 dxc4 3. e4 e5 4. Nf3 exd4 5. Bxc4 Nc6 6. O-O Be6 7. Bb5 Bc5 8.
b4 Bb6 9. a4 a6 10. Bxc6+ bxc6 11. a5 Ba7 12. Bb2 Nf6 13. Bxd4 Nxe4 14. Bxa7
Rxa7 15. Nd4 O-O 16. Nxc6 Qf6 17. Nd2 Nxd2 18. Qxd2 Rb7 19. Rac1 Rb5 20. Rfe1
Kh8 21. Re3 h6 22. Rf3 Qh4 23. Qd4 Qg5 24. Qc3 Re8 25. Rg3 Qf6 26. Qxf6 gxf6
27. Rd3 Bf5 28. Rd4 Be4 29. f3 Bf5 30. Kf2 Kg7 31. Rc3 Be6 32. Re3 Ra8 33. Red3
Bc8 34. Rc3 Be6 35. Rc2 f5 36. Rcd2 Kf6 37. Rh4 Kg5 38. Rhd4 Kf6 39. R2d3 Re8
40. f4 Bc8 41. Rh3 Kg7 42. Re3 Be6 43. Ke2 Ra8 44. Re5 Rxe5+ 45. Nxe5 Bb3 46.
Rd3 Ba4 47. Rc3 c6 48. Kd2 Rb8 49. Rg3+ Kh7 50. Kc3 c5 51. bxc5 f6 52. Nc4 Bc6
53. Nd6 h5 54. h4 Rb1 55. Nxf5 Rb5 56. Kc4 Rxa5 57. Rb3 Ra4+ 58. Rb4 Bd5+ 59.
Kxd5 Rxb4 60. c6 Rb5+ 61. Ke6 Rc5 62. Ne7 a5 63. Kd6 Rc1 64. c7 Rd1+ 65. Kc5
Rc1+ 66. Kd6 Rd1+ 67. Nd5 Rc1 68. Kd7 a4 69. c8=Q Rxc8 70. Kxc8 a3 71. Nb4 Kg6
72. Kd7 Kf5 73. Ke7 Kxf4 74. Kxf6 Kg4 75. g3 Kxg3 76. Kg5 Kf3 77. Kxh5 Ke2 78.
Kg5 Kd2 79. h5 Kc3 80. h6 1-0

[Event "87th DEN-ch"]
[Site "Silkeborg DEN"]
[Date "2008.03.22"]
[Round "8"]
[White "Teplyi, Igor"]
[Black "Glud, Jakob Vang"]
[WhiteElo "2251"]
[BlackElo "2456"]
[Result "0-1"]
[EventDate "2008.03.15"]
[PlyCount "53"]
[Source "ChessBase"]
[SourceDate "2008.05.06"]

1. e4 e5 2. Nf3 Nc6 3. Bc4 Nf6 4. d3 Bc5 5. O-O a6 6. c3 Ba7 7. Bb3 d6 8. h3
Ne7 9. Be3 O-O 10. Bxa7 Rxa7 11. Re1 Ng6 12. d4 Qe7 13. Nbd2 Ra8 14. Nf1 Nf4
15. Qc2 N6h5 16. dxe5 dxe5 17. Ne3 Qf6 18. Nh2 Qg6 19. Nhg4 Bxg4 20. hxg4 Nf6
21. f3 h5 22. gxh5 N6xh5 23. Ng4 Qg5 24. Qf2 Rad8 25. Rad1 Nd3 26. Qe3 Qh4 27.
Ra1 0-1

[Event "87th DEN-ch"]
[Site "Silkeborg DEN"]
[Date "2008.03.23"]
[Round "9"]
[White "Antonsen, Mikkel"]
[Black "Hoei, Carsten"]
[WhiteElo "2429"]
[BlackElo "2410"]
[Result "1-0"]
[EventDate "2008.03.15"]
[PlyCount "81"]
[Source "ChessBase"]
[SourceDate "2008.05.06"]

1. d4 g6 2. c4 Bg7 3. e4 d6 4. Nc3 Nc6 5. Nge2 e5 6. d5 Nce7 7. h4 Nf6 8. f3 c6
9. g4 cxd5 10. cxd5 h5 11. g5 Nd7 12. Be3 a6 13. a4 O-O 14. b3 Kh7 15. Nc1 Qa5
16. Qd2 f5 17. Nd3 fxe4 18. fxe4 Rf3 19. b4 Qd8 20. Be2 Rf8 21. Rf1 Rxf1+ 22.
Bxf1 Nb6 23. Nb2 Bg4 24. a5 Nd7 25. Nc4 Qc7 26. Na4 Rf8 27. Rc1 Qb8 28. Be2 Bh3
29. Qd3 Bg4 30. Bxg4 hxg4 31. Qe2 Rf3 32. Qg2 Qf8 33. Qxg4 Rf1+ 34. Ke2 Rxc1
35. Bxc1 Nf5 36. exf5 gxf5 37. Qh5+ Kg8 38. Qg6 Qc8 39. Nab2 Nf8 40. Qf7+ Kh7
41. h5 1-0

[Event "87th DEN-ch"]
[Site "Silkeborg DEN"]
[Date "2008.03.23"]
[Round "9"]
[White "Glud, Jakob Vang"]
[Black "Schandorff, Lars"]
[WhiteElo "2456"]
[BlackElo "2526"]
[Result "1/2-1/2"]
[EventDate "2008.03.15"]
[PlyCount "68"]
[Source "ChessBase"]
[SourceDate "2008.05.06"]

1. e4 e5 2. Nf3 Nc6 3. Bb5 a6 4. Bxc6 dxc6 5. O-O Qf6 6. d4 exd4 7. Bg5 Qd6 8.
Nxd4 Be7 9. Bxe7 Nxe7 10. Nc3 Bd7 11. Nb3 Qxd1 12. Raxd1 b6 13. f4 O-O-O 14.
Kf2 c5 15. Nd2 Bg4 16. Ne2 Nc6 17. c3 f6 18. Nf3 a5 19. h3 Be6 20. a3 a4 21. f5
Bc4 22. Rfe1 Rxd1 23. Rxd1 Re8 24. Ng3 Bf7 25. Re1 Kb7 26. Ke3 Ka6 27. Rd1 Re7
28. Ne2 Na5 29. Nd2 Rd7 30. Rg1 Nc6 31. Nf3 Na5 32. Nd2 Nc6 33. Nf3 Na5 34. Nd2
Nc6 1/2-1/2

[Event "87th DEN-ch"]
[Site "Silkeborg DEN"]
[Date "2008.03.23"]
[Round "9"]
[White "Holmsgaard, Henrik"]
[Black "Knudsen, Per"]
[WhiteElo "2324"]
[BlackElo "2305"]
[Result "1/2-1/2"]
[EventDate "2008.03.15"]
[PlyCount "108"]
[Source "ChessBase"]
[SourceDate "2008.05.06"]

1. e4 e6 2. d3 d5 3. Qe2 Nf6 4. Nf3 c5 5. g3 Nc6 6. Bg2 dxe4 7. dxe4 e5 8. c3
a6 9. a4 Qc7 10. Nbd2 Na5 11. b3 Be6 12. Rb1 c4 13. b4 Nb3 14. Ng5 Bd7 15. Qxc4
Qxc4 16. Nxc4 Nxc1 17. Rxc1 Rc8 18. Nb6 Rc6 19. Nxd7 Nxd7 20. Ke2 Bd6 21. Rhd1
Ke7 22. Rd3 f6 23. Nf3 a5 24. Rcd1 Ra8 25. b5 Rb6 26. Nd2 Rc8 27. Bh3 Rc5 28.
Bxd7 Kxd7 29. c4 Ke7 30. Rd5 Rc7 31. Kd3 Bb4 32. Nb3 Rd6 33. Rc1 b6 34. Rc2 Rd8
35. Nd2 Rdc8 36. Nf1 Bc5 37. f3 g6 38. Nd2 Ke6 39. Nb3 Bb4 40. Rc1 f5 41. c5
bxc5 42. Kc4 fxe4 43. fxe4 Rf7 44. Rcd1 Rf3 45. R5d3 Rf2 46. Rd6+ Ke7 47. Rd7+
Kf6 48. b6 Rb8 49. b7 Rc2+ 50. Kd5 Rb2 51. Nc1 Bc3 52. Kc6 Bd4 53. Nd3 Rb3 54.
Nxc5 Bxc5 1/2-1/2

[Event "87th DEN-ch"]
[Site "Silkeborg DEN"]
[Date "2008.03.23"]
[Round "9"]
[White "Jakobsen, Ole"]
[Black "Matthiesen, Martin"]
[WhiteElo "2364"]
[BlackElo "2365"]
[Result "1/2-1/2"]
[EventDate "2008.03.15"]
[PlyCount "53"]
[Source "ChessBase"]
[SourceDate "2008.05.06"]

1. d4 d5 2. Nf3 Nf6 3. c4 c6 4. e3 e6 5. Nbd2 Nbd7 6. Bd3 Bd6 7. e4 dxe4 8.
Nxe4 Nxe4 9. Bxe4 Bb4+ 10. Bd2 Bxd2+ 11. Qxd2 c5 12. O-O-O Qc7 13. d5 exd5 14.
Bxd5 O-O 15. Rhe1 Nf6 16. Ne5 Bd7 17. Nxd7 Qxd7 18. Qf4 Rae8 19. Rxe8 Rxe8 20.
Bf3 Qe7 21. Qd6 Qxd6 22. Rxd6 b6 23. Rc6 Kf8 24. a4 Re6 25. Rc8+ Re8 26. Rc6
Re6 27. Rc8+ 1/2-1/2

[Event "87th DEN-ch"]
[Site "Silkeborg DEN"]
[Date "2008.03.23"]
[Round "9"]
[White "Kristiansen, Jens"]
[Black "Nielsen, Peter Heine"]
[WhiteElo "2441"]
[BlackElo "2629"]
[Result "1/2-1/2"]
[EventDate "2008.03.15"]
[PlyCount "100"]
[Source "ChessBase"]
[SourceDate "2008.05.06"]

1. d4 d5 2. c4 c6 3. Nf3 Nf6 4. Nc3 e6 5. Bg5 h6 6. Bh4 dxc4 7. a4 Bb4 8. e3 b5
9. Nd2 Bb7 10. axb5 Bxc3 11. bxc3 cxb5 12. Rb1 Bc6 13. e4 a6 14. e5 g5 15. Bg3
Ne4 16. Nxe4 Bxe4 17. Ra1 h5 18. f3 Bf5 19. h4 g4 20. Be2 Rg8 21. Bf4 Nc6 22.
Bg5 Qd5 23. fxg4 Qxg2 24. Bf3 Qg3+ 25. Kd2 Nxe5 26. dxe5 Rxg5 27. Bc6+ Kf8 28.
Bxa8 Qd3+ 29. Ke1 Qg3+ 30. Kd2 Qf4+ 31. Ke1 Bd3 32. Qf3 Rxe5+ 33. Kf2 Re2+ 34.
Kg1 Qc7 35. Rf1 Qa7+ 36. Rf2 hxg4 37. Qf6 Rxf2 38. Qxf2 Qxa8 39. h5 Be4 40. Rh4
Qd5 41. h6 Bh7 42. Qg3 Bf5 43. Qb8+ Ke7 44. Qa7+ Kf6 45. Qf2 Qd1+ 46. Kh2 Qd6+
47. Kg2 Qd5+ 48. Kg1 Qd1+ 49. Kh2 Qd6+ 50. Kg2 Qd5+ 1/2-1/2

[Event "87th DEN-ch"]
[Site "Silkeborg DEN"]
[Date "2008.03.23"]
[Round "9"]
[White "Rasmussen, Allan Stig"]
[Black "Rasmussen, Karsten"]
[WhiteElo "2510"]
[BlackElo "2486"]
[Result "1/2-1/2"]
[EventDate "2008.03.15"]
[PlyCount "174"]
[Source "ChessBase"]
[SourceDate "2008.05.06"]

1. e4 c6 2. d4 d5 3. e5 Bf5 4. Nf3 e6 5. Be2 Nd7 6. O-O Ne7 7. Nh4 Be4 8. Nd2
c5 9. c3 Nc6 10. g3 Be7 11. Nxe4 dxe4 12. Ng2 cxd4 13. cxd4 Nb6 14. Be3 O-O 15.
Bg4 Nd5 16. Qc2 Qb6 17. Qxe4 Qxb2 18. Rab1 Qxa2 19. Ra1 Qc4 20. Rfc1 Qb5 21.
Rab1 Ncb4 22. Nf4 a5 23. Bd2 Rfd8 24. Bxb4 axb4 25. Nxd5 Rxd5 26. Rc7 Re8 27.
Bf3 Qb6 28. Rbc1 Bg5 29. R1c4 b3 30. Qb1 Rxd4 31. Rxd4 Qxc7 32. Qxb3 Qxe5 33.
Rd7 b5 34. Rb7 Rb8 35. Rxb8+ Qxb8 36. Qb4 h6 37. Be2 Bf6 38. Qxb5 Qd8 39. Kg2
Bd4 40. Qc6 g6 41. Qf3 Kg7 42. Bd3 Qb6 43. h3 Bc5 44. Qe2 Qb4 45. Qe5+ Kg8 46.
Qe4 Qb2 47. Qe2 Qd4 48. g4 Bd6 49. Qe4 Qf6 50. Bc4 Bc5 51. Qf3 Qe5 52. Bd3 Bd6
53. Kf1 Kg7 54. Qe4 Qb2 55. Kg2 Bc5 56. Qe2 Qf6 57. Qf3 Qg5 58. Kf1 Qd2 59. Qe2
Qf4 60. Kg2 Bd6 61. Qf3 Qh2+ 62. Kf1 Bc5 63. Qg2 Qf4 64. Qg3 Qxg3 65. fxg3 Kf6
66. Bb5 g5 67. Ke2 Bb4 68. Ba4 Bc3 69. Bb5 Ke7 70. Ba4 Kd8 71. Bb5 Be5 72. Kf3
Bd6 73. Ba4 Bb4 74. Ke2 f6 75. Bb3 Ke7 76. Ba2 Kd6 77. Bb3 Ba5 78. Ba2 Bc7 79.
Kf3 Ke5 80. Bb3 Ba5 81. Ke2 Kd6 82. Ba2 e5 83. Kf3 Kc5 84. Ke4 Be1 85. h4 gxh4
86. gxh4 Bxh4 87. Be6 Bg5 1/2-1/2